Bienvenue au Catalogue en Ligne des Bibliothèques de l'Universite du Burundi

La fonction sémantique des morphemes finals rundi (Record no. 21132)

000 -GUIDE
Champ de contrôle de longueur fixe 01247nam a22002657a 4500
003 - IDENTITÉ DU NUMÉRO DE CONTRÔLE
Champ de contrôle BI-BuBU
008 - ÉLÉMENTS DE LONGUEUR FIXE - RENSEIGNEMENTS GÉNÉRAUX
Champ de contrôle de longueur fixe 131025s2009 bd ||||dr|||| 000 0 fre d
037 ## - SOURCE D'ACQUISITION
Source d'acquisition et du numéro d'inventaire don
039 ## - NIVEAU DE CONTRÔLE BIBLIOGRAPHIQUE ET HISTORIQUE D'ENCODAGE [OBSOLETE]
Date creation 2013102509449.0
Nom catalographe Godeberthe Nsengimana
040 ## - SOURCE DU CATALOGAGE
Organisme qui a effectué le catalogage original BI-BuBU
Code de la langue utilisée dans le catalogage fre
Organisme qui a effectué la transcription BI-BuBU
Organisme qui a effectué la modification BI-BuBU
041 0# - CODE DE LANGUE
Code de langue du texte/de la piste sonore ou du titre distinct fre
080 ## - INDICE DE LA CLASSIFICATION DÉCIMALE UNIVERSELLE (CDU)
Indice de la Classification décimale universelle 801.54
100 1# - VEDETTE PRINCIPALE - NOM DE PERSONNE
Code de relation aut
Nom de personne Abdallah,Hassan
245 13 - MENTION DU TITRE
Titre La fonction sémantique des morphemes finals rundi
Mention de responsabilité, etc. par Hassan Abdallah; sous la dir. du prof. Hilaire Ntahomvukiye
260 ## - PUBLICATION, DIFFUSION, ETC. (ADRESSE BIBLIOGRAPHIQUE)
Lieu de publication, diffusion, etc. Bujumbura
Nom de l'éditeur, diffuseur, etc. Université du Burundi, faculté des lettres et sciences humaines, département des langues et littératures africaines
Date of publication, distribution, etc 2009
300 ## - DESCRIPTION MATÉRIELLE
Collation IV-49 f.
Dimensions 29 cm.
500 ## - NOTE GÉNÉRALE
Note générale Mémoire présenté et défendu publiquement en vue de l'obtention du grade de licencié en langues et littératures Africaines
650 #7 - VEDETTE-MATIÈRE - NOM COMMUN
Source du terme BI-BuBU
Vedette de sujet ou vedette comportant un nom géographique Sémantique.Morphéme.Rundi
9 (RLIN) 80800
655 ## - TERME D'INDEXATION - GENRE OU FORME
Subdivision de forme Mémoire
9 (RLIN) 80801
700 1# - VEDETTE SECONDAIRE - NOM DE PERSONNE
Code de relation drt
Nom d'auteur Ntahomvukiye,Hillaire
9 (RLIN) 80802
710 ## - VEDETTE SECONDAIRE - NOM DE COLLECTIVITÉ
Nom de la collectivité ou nom de lieu comme élément de classement Université Burundi
Collectivité subordonnée Faculté des lettres et sciences humaines, département des langues et littérature africaines
9 (RLIN) 80803
942 ## - ÉLÉMENTS D'ENTRÉE ADDITIONNELLE (KOHA)
Source de la classification ou du système de rangement
Type d item koha Memoire
Holdings
Statut de retrait Statut de perte Source de la classification ou du système de rangement Statut de déterioration Exclu du prêt Numéro d item Koha Localisation permanente Localisation actuelle Date d'acquisition Source d'acquisition Nombre de prêts Cote Code-barres Date last seen Prix en vigueur à partir du Type d item koha
        Not For Loan 33117 Bibliothèque Centrale Bibliothèque Centrale 25/10/2013 don auteur   801.54 ABD 5010000286972 25/10/2013 25/10/2013 Memoire
© 2019-2026 - Bibliothèques de l'Université du Burundi |Tous droits réservés
home | Pour toute information urgente Contactez nous | tel whatsupp: +25779204313